Muslims of British India (Record no. 1450311)

MARC details
000 -LEADER
fixed length control field 00581nam a2200205Ia 4500
005 - DATE AND TIME OF LATEST TRANSACTION
control field 20250923145341.0
008 - FIXED-LENGTH DATA ELEMENTS--GENERAL INFORMATION
fixed length control field 008 250917s9999 xx 000 0 eng d
037 ## - SOURCE OF ACQUISITION
Stock number Textual
040 ## - CATALOGING SOURCE
Original cataloging agency DSWL
Language of cataloging eng
Transcribing agency DSWL
041 ## - LANGUAGE CODE
Language code of text/sound track or separate title eng
Source of code eng
084 ## - COLON CLASSIFICATION NUMBER
Classification number Y2-3:48(Q7), N72
Assigning agency DSWL
100 ## - MAIN ENTRY--PERSONAL NAME
Personal name Hardy, P.
9 (RLIN) 834359
245 #0 - TITLE STATEMENT
Title Muslims of British India
Statement of responsibility, etc. by P. Hardy
260 ## - PUBLICATION, DISTRIBUTION, ETC.
Place of publication, distribution, etc. London
Name of publisher, distributor, etc. Cambridge University Press
Date of publication, distribution, etc. 1972
300 ## - PHYSICAL DESCRIPTION
Extent ix,306p.
365 ## - TRADE PRICE
Price type code INR
Price amount 2 . 75
925 ## -
-- 2 . 75
942 ## - ADDED ENTRY ELEMENTS (KOHA)
Koha item type Textual
Classification part Y2-3:48(Q7), N72
Holdings
Withdrawn status Lost status Damaged status Not for loan Home library Current library Date acquired Source of acquisition Inventory number Total Checkouts Full call number Barcode Date last seen Price effective from Koha item type
        Department of Social Work Library Department of Social Work Library 2025-09-23 Blackie & Sons 13058 25/09/1976   Y2-3:48(Q7), N72 SW0017647 2025-09-23 2025-09-23 Textual
Copyright @ Delhi University Library System